|
|
|
|
| LEADER |
01242nam a2200325 a 4500 |
| 001 |
29017 |
| 003 |
BD-DhAAL |
| 005 |
20190523113647.0 |
| 008 |
150322s1994 nyua b 001 0 eng |
| 999 |
|
|
|c 34141
|d 34141
|
| 010 |
|
|
|a 93039301
|
| 020 |
|
|
|a 0807613363 (pbk.)
|
| 020 |
|
|
|a 0807613355 (cloth)
|
| 040 |
|
|
|a DLC
|c DLC
|d DLC
|d BD-DhAAL
|
| 050 |
0 |
0 |
|a NA859.N5
|b U5 1994
|
| 082 |
0 |
0 |
|a 720.92
|2 20
|
| 100 |
1 |
|
|a Underwood, David Kendrick.
|9 10045
|
| 245 |
1 |
0 |
|a Oscar Niemeyer and Brazilian free-form modernism /
|c David Underwood.
|
| 250 |
|
|
|a 1st edition
|
| 260 |
|
|
|a New York :
|b G. Braziller,
|c 1994.
|
| 300 |
|
|
|a 127 pages :
|b illustrations ;
|c 26 cm.
|
| 504 |
|
|
|a Includes bibliographical references (p. 125-127).
|
| 526 |
|
|
|a ARC
|
| 541 |
|
|
|e 29017
|
| 600 |
1 |
0 |
|a Niemeyer, Oscar,
|d 1907-2012
|x Criticism and interpretation.
|9 10046
|
| 600 |
1 |
0 |
|a Niemeyer, Oscar,
|d 1907-2012.
|9 10047
|
| 650 |
|
0 |
|a International style (Architecture)
|z Brazil.
|9 10048
|
| 650 |
|
0 |
|a Architecture
|z Brazil
|x History
|y 20th century.
|9 10049
|
| 942 |
|
|
|2 ddc
|c BK
|
| 952 |
|
|
|0 0
|1 0
|2 ddc
|4 0
|6 720_920000000000000_UND
|7 0
|9 53272
|a BRACUL
|b BRACUL
|c GEN
|d 2015-03-22
|e Karim International
|g 1800.00
|l 4
|m 15
|o 720.92 UND
|p 3010029017
|r 2019-02-11
|s 2019-02-03
|t 1
|w 2015-03-22
|y BK
|